[Event "DVM U20 2020"]
[Site "Willingen GER"]
[Date "2021.06.26"]
[Round "5"]
[White "Kartsev, Nikolay"]
[Black "Wachtel, Arthur"]
[Result "1-0"]
[Termination "normal"]
[Board "3.3"]
[WhiteElo "2043"]
[BlackElo "1940"]
[WhiteClock "00:12:33"]
[BlackClock "00:25:35"]
[WhiteTeam "Schachfreunde Brackel 1930 e. V."]
[BlackTeam "Schachfreunde Augsburg"]
[PlyCount "61"]
[WhiteFideId "12939536"]
[BlackFideId "12988510"]
[EventCountry "GER"]
[EventRounds "7"]
[EventType "team-swiss"]
[EventDate "2021.06.23"]

1. e4 {[%clk 01:30:56]} {[%emt 00:00:04]} e6 {[%clk 01:30:57]} {[%emt
00:00:04]} 2. d4 {[%clk 01:31:19]} {[%emt 00:00:06]} d5 {[%clk 01:31:24]}
{[%emt 00:00:04]} 3. e5 {[%clk 01:31:44]} {[%emt 00:00:05]} c5 {[%clk
01:31:51]} {[%emt 00:00:03]} 4. c3 {[%clk 01:32:09]} {[%emt 00:00:05]} Nc6
{[%clk 01:32:18]} {[%emt 00:00:03]} 5. Nf3 {[%clk 01:32:32]} {[%emt 00:00:06]}
Nh6 {[%clk 01:32:44]} {[%emt 00:00:05]} 6. Bxh6 {[%clk 01:32:54]} {[%emt
00:00:08]} gxh6 {[%clk 01:33:09]} {[%emt 00:00:04]} 7. Bb5 {[%clk 01:33:17]}
{[%emt 00:00:08]} Bd7 {[%clk 01:33:21]} {[%emt 00:00:19]} 8. Bxc6 {[%clk
01:29:21]} {[%emt 00:04:25]} bxc6 {[%clk 01:33:26]} {[%emt 00:00:25]} 9. O-O
{[%clk 01:22:48]} {[%emt 00:07:03]} cxd4 {[%clk 01:31:02]} {[%emt 00:02:54]}
10. cxd4 {[%clk 01:22:13]} {[%emt 00:01:05]} Bg7 {[%clk 01:31:26]} {[%emt
00:00:06]} 11. Nc3 {[%clk 01:20:48]} {[%emt 00:01:54]} O-O {[%clk 01:29:36]}
{[%emt 00:02:21]} 12. Na4 {[%clk 01:12:51]} {[%emt 00:08:27]} f6 {[%clk
01:27:54]} {[%emt 00:02:12]} 13. Nc5 {[%clk 01:10:06]} {[%emt 00:03:14]} f5
{[%clk 01:27:07]} {[%emt 00:01:18]} 14. Ne1 {[%clk 01:04:15]} {[%emt 00:06:21]}
Rf7 {[%clk 01:24:57]} {[%emt 00:02:38]} 15. Ned3 {[%clk 01:00:55]} {[%emt
00:03:52]} Bf8 {[%clk 01:24:14]} {[%emt 00:01:12]} 16. Rc1 {[%clk 00:53:08]}
{[%emt 00:08:18]} Rg7 {[%clk 01:19:41]} {[%emt 00:05:03]} 17. Nf4 {[%clk
00:42:29]} {[%emt 00:11:07]} Bxc5 {[%clk 00:57:28]} {[%emt 00:22:44]} 18. Rxc5
{[%clk 00:42:33]} {[%emt 00:00:26]} Qg5 {[%clk 00:56:13]} {[%emt 00:01:44]} 19.
Qf3 {[%clk 00:41:20]} {[%emt 00:01:43]} Rc8 {[%clk 00:53:47]} {[%emt 00:02:56]}
20. Nh5 {[%clk 00:40:22]} {[%emt 00:01:29]} Rf7 {[%clk 00:53:40]} {[%emt
00:00:36]} 21. Rfc1 {[%clk 00:32:50]} {[%emt 00:08:04]} Kf8 {[%clk 00:52:08]}
{[%emt 00:02:01]} 22. Nf6 {[%clk 00:28:14]} {[%emt 00:05:07]} Be8 {[%clk
00:49:30]} {[%emt 00:03:07]} 23. Qa3 {[%clk 00:23:25]} {[%emt 00:05:19]} Kg7
{[%clk 00:42:38]} {[%emt 00:07:22]} 24. R5c3 {[%clk 00:22:36]} {[%emt
00:01:17]} Kh8 {[%clk 00:41:37]} {[%emt 00:01:33]} 25. Qd6 {[%clk 00:21:46]}
{[%emt 00:01:18]} c5 {[%clk 00:32:59]} {[%emt 00:09:10]} 26. Qxe6 {[%clk
00:19:18]} {[%emt 00:02:58]} Rfc7 {[%clk 00:32:36]} {[%emt 00:00:51]} 27. h4
{[%clk 00:17:59]} {[%emt 00:01:52]} Qg6 {[%clk 00:31:53]} {[%emt 00:01:10]} 28.
Rg3 {[%clk 00:15:36]} {[%emt 00:02:54]} Bf7 {[%clk 00:26:03]} {[%emt 00:06:22]}
29. Qd6 {[%clk 00:11:56]} {[%emt 00:04:09]} Rc6 {[%clk 00:25:17]} {[%emt
00:01:16]} 30. Rxg6 {[%clk 00:12:10]} {[%emt 00:00:16]} Rxd6 {[%clk 00:25:35]}
{[%emt 00:00:12]} 31. Rxh6 {[%clk 00:12:33]} {[%emt 00:00:08]} 1-0

[Event "DVM U20 2020"]
[Site "Willingen GER"]
[Date "2021.06.26"]
[Round "5"]
[White "Gubariev, Yakiv"]
[Black "Skabs, Denis"]
[Result "1-0"]
[Termination "normal"]
[Board "3.4"]
[WhiteElo "1925"]
[BlackElo "1939"]
[WhiteClock "00:44:56"]
[BlackClock "00:25:28"]
[WhiteTeam "Schachfreunde Augsburg"]
[BlackTeam "Schachfreunde Brackel 1930 e. V."]
[PlyCount "55"]
[WhiteFideId "16216938"]
[BlackFideId "16248449"]
[EventCountry "GER"]
[EventRounds "7"]
[EventType "team-swiss"]
[EventDate "2021.06.23"]

1. e4 {[%clk 01:30:58]} e5 {[%clk 01:30:54]} {[%emt 00:00:07]} 2. Nf3 {[%clk
01:31:20]} {[%emt 00:00:09]} Nc6 {[%clk 01:31:19]} {[%emt 00:00:05]} 3. d4
{[%clk 01:31:37]} {[%emt 00:00:13]} exd4 {[%clk 01:31:44]} {[%emt 00:00:06]} 4.
Bc4 {[%clk 01:31:37]} {[%emt 00:00:29]} Nf6 {[%clk 01:32:07]} {[%emt 00:00:06]}
5. e5 {[%clk 01:32:01]} {[%emt 00:00:06]} d5 {[%clk 01:32:34]} {[%emt
00:00:03]} 6. Bb5 {[%clk 01:32:21]} {[%emt 00:00:09]} Ne4 {[%clk 01:32:59]}
{[%emt 00:00:05]} 7. Nxd4 {[%clk 01:32:46]} {[%emt 00:00:06]} Bc5 {[%clk
01:32:32]} {[%emt 00:00:57]} 8. Be3 {[%clk 01:32:39]} {[%emt 00:00:37]} Bd7
{[%clk 01:32:56]} {[%emt 00:00:06]} 9. Bxc6 {[%clk 01:32:59]} {[%emt 00:00:09]}
bxc6 {[%clk 01:33:10]} {[%emt 00:00:16]} 10. O-O {[%clk 01:33:12]} {[%emt
00:00:17]} O-O {[%clk 01:31:45]} {[%emt 00:01:55]} 11. f3 {[%clk 01:33:23]}
{[%emt 00:00:19]} Ng5 {[%clk 01:31:44]} {[%emt 00:00:30]} 12. f4 {[%clk
01:33:51]} {[%emt 00:00:02]} Ne4 {[%clk 01:31:58]} {[%emt 00:00:17]} 13. Nd2
{[%clk 01:34:12]} {[%emt 00:00:09]} Nxd2 {[%clk 01:32:07]} {[%emt 00:00:21]}
14. Qxd2 {[%clk 01:33:51]} {[%emt 00:00:51]} Bb6 {[%clk 01:32:29]} {[%emt
00:00:09]} 15. c3 {[%clk 01:32:30]} {[%emt 00:01:50]} Qe7 {[%clk 01:27:32]}
{[%emt 00:05:27]} 16. Rae1 {[%clk 01:26:49]} {[%emt 00:06:11]} c5 {[%clk
01:11:27]} {[%emt 00:16:35]} 17. Nb3 {[%clk 01:18:15]} {[%emt 00:09:04]} Bb5
{[%clk 01:01:03]} {[%emt 00:10:54]} 18. Rf3 {[%clk 01:15:52]} {[%emt 00:02:52]}
Bc6 {[%clk 01:01:19]} {[%emt 00:00:14]} 19. Rg3 {[%clk 01:13:46]} {[%emt
00:02:36]} Rae8 {[%clk 00:51:58]} {[%emt 00:09:51]} 20. Bf2 {[%clk 00:53:16]}
{[%emt 00:21:00]} c4 {[%clk 00:39:48]} {[%emt 00:12:41]} 21. f5 {[%clk
00:47:16]} {[%emt 00:06:30]} Bxf2+ {[%clk 00:33:18]} {[%emt 00:07:00]} 22. Qxf2
{[%clk 00:47:35]} {[%emt 00:00:11]} Kh8 {[%clk 00:29:50]} {[%emt 00:03:57]} 23.
Nd4 {[%clk 00:47:02]} {[%emt 00:01:03]} Qc5 {[%clk 00:27:22]} {[%emt 00:02:59]}
24. f6 {[%clk 00:45:03]} {[%emt 00:02:29]} g6 {[%clk 00:26:55]} {[%emt
00:00:57]} 25. Rh3 {[%clk 00:45:04]} {[%emt 00:00:29]} h5 {[%clk 00:26:02]}
{[%emt 00:01:22]} 26. Qf4 {[%clk 00:44:43]} {[%emt 00:00:50]} Kh7 {[%clk
00:26:16]} {[%emt 00:00:17]} 27. Qg5 {[%clk 00:44:56]} {[%emt 00:00:17]} Rh8
{[%clk 00:25:28]} {[%emt 00:01:18]} 28. Rxh5+ {[%emt 00:00:16]} 1-0

[Event "DVM U20 2020"]
[Site "Willingen GER"]
[Date "2021.06.26"]
[Round "5"]
[White "Seref, Erdogan"]
[Black "McPherson, Elisha"]
[Result "0-1"]
[Termination "normal"]
[Board "3.5"]
[WhiteElo "1985"]
[BlackElo "1967"]
[WhiteClock "00:01:08"]
[BlackClock "00:02:27"]
[WhiteTeam "Schachfreunde Brackel 1930 e. V."]
[BlackTeam "Schachfreunde Augsburg"]
[PlyCount "68"]
[WhiteFideId "16206827"]
[BlackFideId "16255852"]
[EventCountry "GER"]
[EventRounds "7"]
[EventType "team-swiss"]
[EventDate "2021.06.23"]

1. Nf3 {[%clk 01:30:48]} {[%emt 00:00:12]} d5 {[%clk 01:30:03]} {[%emt
00:00:58]} 2. g3 {[%clk 01:30:12]} {[%emt 00:01:07]} Nf6 {[%clk 01:29:40]}
{[%emt 00:00:52]} 3. Bg2 {[%clk 01:30:16]} {[%emt 00:00:25]} e6 {[%clk
01:29:07]} {[%emt 00:01:03]} 4. O-O {[%clk 01:29:59]} {[%emt 00:00:47]} Be7
{[%clk 01:27:17]} {[%emt 00:02:20]} 5. b3 {[%clk 01:28:54]} {[%emt 00:01:35]}
O-O {[%clk 01:27:08]} {[%emt 00:00:38]} 6. c4 {[%clk 01:26:35]} {[%emt
00:02:50]} d4 {[%clk 01:26:49]} {[%emt 00:00:50]} 7. e3 {[%clk 01:25:04]}
{[%emt 00:02:01]} c5 {[%clk 01:26:03]} {[%emt 00:01:16]} 8. exd4 {[%clk
01:17:43]} {[%emt 00:07:51]} cxd4 {[%clk 01:25:53]} {[%emt 00:00:39]} 9. Ne5
{[%clk 01:15:23]} {[%emt 00:02:51]} Qc7 {[%clk 01:18:21]} {[%emt 00:08:02]} 10.
Re1 {[%clk 01:11:01]} {[%emt 00:04:51]} Nc6 {[%clk 01:17:16]} {[%emt 00:01:35]}
11. f4 {[%clk 01:10:16]} {[%emt 00:01:15]} Nxe5 {[%clk 01:06:45]} {[%emt
00:11:01]} 12. fxe5 {[%clk 01:10:18]} {[%emt 00:00:28]} Nd7 {[%clk 01:07:02]}
{[%emt 00:00:14]} 13. Qh5 {[%clk 00:54:52]} {[%emt 00:15:56]} g6 {[%clk
00:55:19]} {[%emt 00:12:13]} 14. Qe2 {[%clk 00:53:37]} {[%emt 00:01:44]} d3
{[%clk 00:53:47]} {[%emt 00:02:03]} 15. Qxd3 {[%clk 00:51:53]} {[%emt
00:02:13]} Nxe5 {[%clk 00:52:20]} {[%emt 00:01:58]} 16. Qe4 {[%clk 00:51:05]}
{[%emt 00:01:17]} Rd8 {[%clk 00:30:36]} {[%emt 00:22:15]} 17. d4 {[%clk
00:33:37]} {[%emt 00:17:59]} Rxd4 {[%clk 00:26:57]} {[%emt 00:04:08]} 18. Qxd4
{[%clk 00:28:59]} {[%emt 00:05:08]} Bc5 {[%clk 00:25:42]} {[%emt 00:01:44]} 19.
Be3 {[%clk 00:25:39]} {[%emt 00:03:50]} Bxd4 {[%clk 00:26:01]} {[%emt
00:00:11]} 20. Bxd4 {[%clk 00:26:04]} {[%emt 00:00:05]} Nd3 {[%clk 00:22:35]}
{[%emt 00:03:56]} 21. Rd1 {[%clk 00:21:20]} {[%emt 00:05:14]} e5 {[%clk
00:22:04]} {[%emt 00:01:01]} 22. Be3 {[%clk 00:19:03]} {[%emt 00:02:47]} Nb4
{[%clk 00:19:54]} {[%emt 00:02:39]} 23. Na3 {[%clk 00:17:50]} {[%emt 00:01:43]}
Qa5 {[%clk 00:16:05]} {[%emt 00:04:20]} 24. Bc1 {[%clk 00:13:19]} {[%emt
00:05:00]} Bg4 {[%clk 00:15:29]} {[%emt 00:01:07]} 25. Rd2 {[%clk 00:13:16]}
{[%emt 00:00:33]} Qb6+ {[%clk 00:14:09]} {[%emt 00:01:49]} 26. Kh1 {[%clk
00:13:34]} {[%emt 00:00:12]} Rd8 {[%clk 00:07:59]} {[%emt 00:06:41]} 27. c5
{[%clk 00:11:13]} {[%emt 00:02:50]} Qc7 {[%clk 00:04:50]} {[%emt 00:03:40]} 28.
Nb5 {[%clk 00:11:08]} {[%emt 00:00:35]} Qa5 {[%clk 00:05:12]} {[%emt 00:00:08]}
29. Rxd8+ {[%clk 00:10:59]} {[%emt 00:00:39]} Qxd8 {[%clk 00:05:36]} {[%emt
00:00:06]} 30. Nd6 {[%clk 00:10:58]} {[%emt 00:00:31]} b6 {[%clk 00:04:59]}
{[%emt 00:01:07]} 31. Bb2 {[%clk 00:07:03]} {[%emt 00:04:24]} Nd3 {[%clk
00:05:13]} {[%emt 00:00:17]} 32. Rf1 {[%clk 00:02:07]} {[%emt 00:05:25]} Nxb2
{[%clk 00:04:14]} {[%emt 00:01:29]} 33. Nxf7 {[%clk 00:02:11]} {[%emt
00:00:26]} Qd2 {[%clk 00:02:16]} {[%emt 00:02:28]} 34. Nxe5 {[%clk 00:01:08]}
{[%emt 00:01:33]} Be2 {[%clk 00:02:27]} {[%emt 00:00:19]} 0-1

[Event "DVM U20 2020"]
[Site "Willingen GER"]
[Date "2021.06.26"]
[Round "5"]
[White "Vuckovic, Robert"]
[Black "Bartelt, Max Peter"]
[Result "1-0"]
[Termination "normal"]
[Board "3.6"]
[WhiteElo "1827"]
[BlackElo "1823"]
[WhiteClock "01:01:35"]
[BlackClock "00:30:30"]
[WhiteTeam "Schachfreunde Augsburg"]
[BlackTeam "Schachfreunde Brackel 1930 e. V."]
[PlyCount "113"]
[WhiteFideId "12998680"]
[BlackFideId "12967289"]
[EventCountry "GER"]
[EventRounds "7"]
[EventType "team-swiss"]
[EventDate "2021.06.23"]

1. e4 {[%clk 01:30:58]} e6 {[%clk 01:30:52]} {[%emt 00:00:08]} 2. d4 {[%clk
01:31:21]} {[%emt 00:00:08]} d5 {[%clk 01:31:12]} {[%emt 00:00:10]} 3. exd5
{[%clk 01:31:45]} {[%emt 00:00:07]} exd5 {[%clk 01:31:35]} {[%emt 00:00:06]} 4.
Bd3 {[%clk 01:32:08]} {[%emt 00:00:07]} Bd6 {[%clk 01:30:37]} {[%emt 00:01:27]}
5. Qf3 {[%clk 01:32:32]} {[%emt 00:00:07]} Nc6 {[%clk 01:30:06]} {[%emt
00:01:01]} 6. c3 {[%clk 01:32:52]} {[%emt 00:00:11]} Be6 {[%clk 01:28:31]}
{[%emt 00:02:04]} 7. Bf4 {[%clk 01:31:43]} {[%emt 00:01:40]} Nge7 {[%clk
01:26:59]} {[%emt 00:02:02]} 8. Bxd6 {[%clk 01:30:18]} {[%emt 00:01:56]} Qxd6
{[%clk 01:27:11]} {[%emt 00:00:17]} 9. Na3 {[%clk 01:29:06]} {[%emt 00:01:43]}
a6 {[%clk 01:26:29]} {[%emt 00:01:11]} 10. Nc2 {[%clk 01:27:55]} {[%emt
00:01:41]} O-O-O {[%clk 01:24:58]} {[%emt 00:02:00]} 11. Ne2 {[%clk 01:24:03]}
{[%emt 00:04:23]} h5 {[%clk 01:14:09]} {[%emt 00:11:19]} 12. Ne3 {[%clk
01:20:00]} {[%emt 00:04:33]} Rdf8 {[%clk 01:02:21]} {[%emt 00:12:17]} 13. Nf4
{[%clk 01:13:25]} {[%emt 00:07:05]} g5 {[%clk 00:59:14]} {[%emt 00:03:37]} 14.
Nxe6 {[%clk 01:10:42]} {[%emt 00:03:14]} fxe6 {[%clk 00:59:19]} {[%emt
00:00:25]} 15. Qe2 {[%clk 01:09:33]} {[%emt 00:01:38]} e5 {[%clk 00:50:43]}
{[%emt 00:09:07]} 16. dxe5 {[%clk 01:09:29]} {[%emt 00:00:34]} Nxe5 {[%clk
00:50:09]} {[%emt 00:01:02]} 17. Bc2 {[%clk 01:08:35]} {[%emt 00:01:25]} N7g6
{[%clk 00:48:08]} {[%emt 00:02:31]} 18. O-O-O {[%clk 01:05:07]} {[%emt
00:03:59]} Nf4 {[%clk 00:45:26]} {[%emt 00:03:12]} 19. Qd2 {[%clk 01:04:07]}
{[%emt 00:01:29]} Rd8 {[%clk 00:40:52]} {[%emt 00:05:04]} 20. Rhe1 {[%clk
00:56:53]} {[%emt 00:07:44]} Rhe8 {[%clk 00:39:35]} {[%emt 00:01:47]} 21. h4
{[%clk 00:47:25]} {[%emt 00:09:58]} Qf6 {[%clk 00:32:17]} {[%emt 00:07:48]} 22.
hxg5 {[%clk 00:46:31]} {[%emt 00:01:25]} Qxg5 {[%clk 00:31:57]} {[%emt
00:00:50]} 23. g3 {[%clk 00:45:41]} {[%emt 00:01:20]} Nf3 {[%clk 00:23:36]}
{[%emt 00:08:51]} 24. gxf4 {[%clk 00:45:57]} {[%emt 00:00:14]} Qxf4 {[%clk
00:24:00]} {[%emt 00:00:05]} 25. Qe2 {[%clk 00:43:54]} {[%emt 00:02:32]} c5
{[%clk 00:20:12]} {[%emt 00:04:19]} 26. Rh1 {[%clk 00:35:56]} {[%emt 00:08:28]}
d4 {[%clk 00:17:46]} {[%emt 00:02:57]} 27. cxd4 {[%clk 00:36:07]} {[%emt
00:00:18]} cxd4 {[%clk 00:18:09]} {[%emt 00:00:06]} 28. Qc4+ {[%clk 00:36:15]}
{[%emt 00:00:22]} Kb8 {[%clk 00:18:23]} {[%emt 00:00:16]} 29. Kb1 {[%clk
00:36:00]} {[%emt 00:00:45]} Rc8 {[%clk 00:12:29]} {[%emt 00:06:24]} 30. Qa4
{[%clk 00:32:41]} {[%emt 00:03:49]} Qg5 {[%clk 00:06:13]} {[%emt 00:06:46]} 31.
Rxd4 {[%clk 00:29:27]} {[%emt 00:03:44]} Rxe3 {[%clk 00:00:38]} {[%emt
00:06:05]} 32. fxe3 {[%clk 00:28:43]} {[%emt 00:01:14]} Qxe3 {[%clk 00:00:54]}
{[%emt 00:00:14]} 33. Rhd1 {[%clk 00:28:35]} {[%emt 00:00:38]} Nxd4 {[%clk
00:00:36]} {[%emt 00:00:48]} 34. Qxd4 {[%clk 00:29:02]} {[%emt 00:00:03]} Qe2
{[%clk 00:00:34]} {[%emt 00:00:33]} 35. Qd2 {[%clk 00:27:04]} {[%emt 00:02:27]}
Qb5 {[%clk 00:00:32]} {[%emt 00:00:32]} 36. a3 {[%clk 00:25:47]} {[%emt
00:01:47]} Ka8 {[%clk 00:00:47]} {[%emt 00:00:15]} 37. Qd7 {[%clk 00:25:53]}
{[%emt 00:00:24]} Qc5 {[%clk 00:00:59]} {[%emt 00:00:19]} 38. Be4 {[%clk
00:25:35]} {[%emt 00:00:46]} Rc7 {[%clk 00:00:47]} {[%emt 00:00:44]} 39. Qd4
{[%clk 00:25:13]} {[%emt 00:00:51]} Qxd4 {[%clk 00:00:31]} {[%emt 00:00:47]}
40. Rxd4 {[%clk 00:25:41]} {[%emt 00:00:02]} h4 {[%clk 00:00:34]} {[%emt
00:00:27]} 41. Rd8+ {[%clk 00:25:26]} {[%emt 00:00:44]} Ka7 {[%clk 00:28:27]}
{[%emt 00:02:38]} 42. Rh8 {[%clk 00:55:49]} {[%emt 00:00:07]} b5 {[%clk
00:26:45]} {[%emt 00:02:12]} 43. Rxh4 {[%clk 00:56:13]} {[%emt 00:00:06]} a5
{[%clk 00:27:03]} {[%emt 00:00:12]} 44. Rh7 {[%clk 00:56:39]} {[%emt 00:00:05]}
Rxh7 {[%clk 00:27:18]} {[%emt 00:00:15]} 45. Bxh7 {[%clk 00:57:07]} {[%emt
00:00:02]} Kb6 {[%clk 00:27:42]} {[%emt 00:00:07]} 46. b3 {[%clk 00:57:15]}
{[%emt 00:00:22]} Kc5 {[%clk 00:28:02]} {[%emt 00:00:10]} 47. Kc2 {[%clk
00:57:41]} {[%emt 00:00:04]} b4 {[%clk 00:28:07]} {[%emt 00:00:25]} 48. a4
{[%clk 00:58:06]} {[%emt 00:00:04]} Kd4 {[%clk 00:28:30]} {[%emt 00:00:07]} 49.
Kd2 {[%clk 00:58:26]} {[%emt 00:00:10]} Ke5 {[%clk 00:28:15]} {[%emt 00:00:45]}
50. Kd3 {[%clk 00:58:51]} {[%emt 00:00:05]} Kd5 {[%clk 00:28:40]} {[%emt
00:00:05]} 51. Bg8+ {[%clk 00:59:15]} {[%emt 00:00:06]} Kc5 {[%clk 00:28:27]}
{[%emt 00:00:43]} 52. Ke4 {[%clk 00:59:41]} {[%emt 00:00:04]} Kd6 {[%clk
00:28:52]} {[%emt 00:00:05]} 53. Kd4 {[%clk 01:00:06]} {[%emt 00:00:05]} Kc6
{[%clk 00:29:17]} {[%emt 00:00:05]} 54. Bd5+ {[%clk 01:00:29]} {[%emt
00:00:07]} Kb6 {[%clk 00:29:41]} {[%emt 00:00:06]} 55. Kc4 {[%clk 01:00:53]}
{[%emt 00:00:06]} Ka6 {[%clk 00:30:05]} {[%emt 00:00:07]} 56. Kc5 {[%clk
01:01:10]} {[%emt 00:00:13]} Ka7 {[%clk 00:30:30]} {[%emt 00:00:05]} 57. Kb5
{[%clk 01:01:35]} {[%emt 00:00:05]} 1-0

[Event "DVM U20 2020"]
[Site "Willingen GER"]
[Date "2021.06.26"]
[Round "5"]
[White "Schmider, Niklas"]
[Black "Schneider, Jana"]
[Result "0-1"]
[Termination "normal"]
[Board "4.1"]
[WhiteTitle "FM"]
[BlackTitle "FM"]
[WhiteElo "2303"]
[BlackElo "2321"]
[WhiteClock "00:00:55"]
[BlackClock "00:06:00"]
[WhiteTeam "OSG Baden-Baden"]
[BlackTeam "SC Bavaria Regensburg von 1881 e.V."]
[PlyCount "68"]
[WhiteFideId "12993778"]
[BlackFideId "12924997"]
[EventCountry "GER"]
[EventRounds "7"]
[EventType "team-swiss"]
[EventDate "2021.06.23"]

1. e4 {[%clk 01:30:58]} e5 {[%clk 01:30:49]} {[%emt 00:00:12]} 2. Nf3 {[%clk
01:31:21]} {[%emt 00:00:06]} Nc6 {[%clk 01:31:14]} {[%emt 00:00:05]} 3. Bb5
{[%clk 01:31:45]} {[%emt 00:00:06]} a6 {[%clk 01:31:34]} {[%emt 00:00:11]} 4.
Ba4 {[%clk 01:26:26]} {[%emt 00:05:48]} d6 {[%clk 01:31:55]} {[%emt 00:00:10]}
5. O-O {[%clk 01:25:50]} {[%emt 00:01:04]} Bd7 {[%clk 01:32:14]} {[%emt
00:00:12]} 6. d4 {[%clk 01:25:18]} {[%emt 00:01:01]} Nf6 {[%clk 01:31:23]}
{[%emt 00:01:22]} 7. Bxc6 {[%clk 01:24:32]} {[%emt 00:01:16]} Bxc6 {[%clk
01:29:15]} {[%emt 00:02:39]} 8. Re1 {[%clk 01:23:58]} {[%emt 00:01:03]} Be7
{[%clk 01:22:44]} {[%emt 00:07:02]} 9. Nc3 {[%clk 01:22:19]} {[%emt 00:02:08]}
exd4 {[%clk 01:14:03]} {[%emt 00:09:12]} 10. Nxd4 {[%clk 01:21:54]} {[%emt
00:00:55]} Bd7 {[%clk 01:11:39]} {[%emt 00:02:55]} 11. Qf3 {[%clk 01:14:23]}
{[%emt 00:08:01]} O-O {[%clk 01:04:34]} {[%emt 00:07:35]} 12. b3 {[%clk
01:07:06]} {[%emt 00:07:47]} Ng4 {[%clk 00:52:53]} {[%emt 00:12:10]} 13. Bb2
{[%clk 00:55:02]} {[%emt 00:12:33]} Bh4 {[%clk 00:49:41]} {[%emt 00:03:43]} 14.
g3 {[%clk 00:45:50]} {[%emt 00:09:43]} Bf6 {[%clk 00:46:49]} {[%emt 00:03:21]}
15. Nd5 {[%clk 00:43:37]} {[%emt 00:02:42]} Be5 {[%clk 00:46:06]} {[%emt
00:01:15]} 16. c3 {[%clk 00:41:43]} {[%emt 00:02:23]} c6 {[%clk 00:37:48]}
{[%emt 00:08:48]} 17. Ne3 {[%clk 00:40:43]} {[%emt 00:01:30]} h5 {[%clk
00:36:46]} {[%emt 00:01:33]} 18. Rad1 {[%clk 00:36:17]} {[%emt 00:04:55]} g6
{[%clk 00:30:01]} {[%emt 00:07:16]} 19. Qe2 {[%clk 00:33:23]} {[%emt 00:03:23]}
Qe7 {[%clk 00:22:39]} {[%emt 00:07:52]} 20. Nc4 {[%clk 00:27:41]} {[%emt
00:06:12]} h4 {[%clk 00:21:50]} {[%emt 00:01:20]} 21. Nf3 {[%clk 00:23:39]}
{[%emt 00:04:31]} h3 {[%clk 00:20:53]} {[%emt 00:01:27]} 22. Ba3 {[%clk
00:16:03]} {[%emt 00:08:05]} Bxc3 {[%clk 00:15:27]} {[%emt 00:05:57]} 23. Bxd6
{[%clk 00:15:51]} {[%emt 00:00:42]} Qe6 {[%clk 00:14:54]} {[%emt 00:01:03]} 24.
Bxf8 {[%clk 00:15:02]} {[%emt 00:01:19]} Bxe1 {[%clk 00:14:55]} {[%emt
00:00:30]} 25. Bc5 {[%clk 00:12:20]} {[%emt 00:03:11]} Bc3 {[%clk 00:13:12]}
{[%emt 00:02:14]} 26. Rd6 {[%clk 00:12:01]} {[%emt 00:00:48]} Qe8 {[%clk
00:12:34]} {[%emt 00:01:09]} 27. Qd3 {[%clk 00:11:14]} {[%emt 00:01:16]} Nf6
{[%clk 00:10:13]} {[%emt 00:02:51]} 28. e5 {[%clk 00:09:38]} {[%emt 00:02:06]}
Nd5 {[%clk 00:09:38]} {[%emt 00:01:05]} 29. Ne3 {[%clk 00:03:58]} {[%emt
00:06:10]} Ba5 {[%clk 00:07:53]} {[%emt 00:02:15]} 30. Rxd5 {[%clk 00:03:02]}
{[%emt 00:01:27]} cxd5 {[%clk 00:08:13]} {[%emt 00:00:10]} 31. Nxd5 {[%clk
00:03:26]} {[%emt 00:00:06]} Bd8 {[%clk 00:07:32]} {[%emt 00:01:10]} 32. Qe3
{[%clk 00:01:12]} {[%emt 00:02:44]} Bc6 {[%clk 00:07:17]} {[%emt 00:00:46]} 33.
Qh6 {[%clk 00:00:32]} {[%emt 00:01:10]} Bxd5 {[%clk 00:07:16]} {[%emt
00:00:31]} 34. e6 {[%clk 00:00:55]} {[%emt 00:00:06]} Bxf3 {[%clk 00:06:00]}
{[%emt 00:01:46]} 0-1